Normal view
MARC view
- Karim, Syed Sohaib
Entry Personal Name
001 - CONTROL NUMBER
- control field: 133636
003 - CONTROL NUMBER IDENTIFIER
- control field: NUST
005 - DATE AND TIME OF LATEST TRANSACTION
- control field: 20260311122700.0
008 - FIXED-LENGTH DATA ELEMENTS
- fixed length control field: 260311|| aca||aabn | a|a d
040 ## - CATALOGING SOURCE
- Original cataloging agency: NUST
- Transcribing agency: NUST
100 ## - HEADING--PERSONAL NAME
- Personal name: Karim, Syed Sohaib
670 ## - SOURCE DATA FOUND
- Source citation: Work cat.: (NUST): Karim, Syed Sohaib , Analyzing and Defending Linux-Based Systems against Tactics, Techniques, and Procedures(TTP) of Advanced Persistent Threats(APT) /, 2026
